Movie Holidays Quiz Stats

 Plays Quiz not verified by Sporcle

Score 0/20 Timer 06:00
0 Plays Today
% Correct
Groundhog Day
87.4%
Christmas
82.7%
New Year's Eve
71.7%
Halloween
67.4%
Independence Day
66.2%
Halloween
55.7%
Easter
45%
Valentine's Day
42.2%
Thanksgiving
41.4%
Christmas
39.8%
% Correct
New Year's Eve
35.7%
Independence Day
34%
Thanksgiving
32.1%
New Year's Eve
27.7%
St. Patrick's Day
26.3%
Labor Day
15.6%
Hanukkah
8.6%
Yom Kippur
5.9%
Ash Wednesday
5%
Mardi Gras
4.9%

You're not logged in!

Compare scores with friends on all Sporcle quizzes.
OR
Log In

Sporcle TV

Today on Sporcle TV


Watch our educational content, quiz creation guides, and fun videos on Sporcle TV.

Show Comments

Extras

Top Quizzes Today


Score Distribution

Your Account Isn't Verified!

In order to create a playlist on Sporcle, you need to verify the email address you used during registration. Go to your Sporcle Settings to finish the process.

Report this User

Report this user for behavior that violates our Community Guidelines.

Details: